Selección mediante la analogía reoeléctrica con papel teledeltos de un tipo de refrigeración de álabes de turbinas de gas / (Record no. 175144)

MARC details
000 -LEADER
campo de control de longitud fija 01031nam a22002415i 4500
001 - NÚMERO DE CONTROL
campo de control 175144
003 - IDENTIFICADOR DE NÚMERO DE CONTROL
campo de control ES-MaACL
005 - FECHA Y HORA DE LA ÚLTIMA TRANSACCIÓN
campo de control 20250815103932.0
008 - DATOS DE LONGITUD FIJA--INFORMACIÓN GENERAL
campo de control de longitud fija 101007s1962 sp af |||| | spa d
080 ## - NÚMERO DE LA CLASIFICACIÓN DECIMAL UNIVERSAL
Número de la Clasificación Decimal Universal 621.438
100 1# - ENTRADA PRINCIPAL--NOMBRE DE PERSONA
Nombre de persona Mataix, Claudio.
9 (RLIN) 78908
245 10 - MENCIÓN DEL TÍTULO
Título Selección mediante la analogía reoeléctrica con papel teledeltos de un tipo de refrigeración de álabes de turbinas de gas /
Mención de responsabilidad, etc. Claudio Mataix Plana.
260 ## - PUBLICACIÓN, DISTRIBUCIÓN, ETC.
Lugar de publicación, distribución, etc. Madrid :
Nombre del editor, distribuidor, etc. Consejo Superior de Investigaciones Científicas,
Fecha de publicación, distribución, etc. 1962.
300 ## - DESCRIPCIÓN FÍSICA
Extensión XVII, 197 p., [7] h. pleg. de lám. :
Otras características físicas il. ;
Dimensiones 25 cm.
490 1# - MENCIÓN DE SERIE
Mención de serie Monografías de ciencia moderna ;
Designación de volumen o secuencia 67
490 1# - MENCIÓN DE SERIE
Mención de serie Instituto "Alonso de Santa Cruz" de Física ;
Designación de volumen o secuencia 2
650 14 - PUNTO DE ACCESO ADICIONAL DE MATERIA--TÉRMINO DE MATERIA
Término de materia o nombre geográfico como elemento de entrada Turbinas de gas.
9 (RLIN) 143511
710 2# - ENTRADA AGREGADA--NOMBRE DE ENTIDAD CORPORATIVA
Nombre de entidad corporativa o nombre de jurisdicción como elemento de entrada Consejo Superior de Investigaciones Científicas (España)
9 (RLIN) 3236
830 0# - PUNTO DE ACCESO ADICIONAL DE SERIE-TÍTULO UNIFORME
Título uniforme Monografías de ciencia moderna
Designación de volumen o secuencia 67
9 (RLIN) 189470
830 0# - PUNTO DE ACCESO ADICIONAL DE SERIE-TÍTULO UNIFORME
Título uniforme Instituto "Alonso de Santa Cruz" de Física ;
Designación de volumen o secuencia 2
9 (RLIN) 223857
852 ## - LOCALIZACIÓN
Ubicación ES-MaACL
Número de control de estantería E-13331
Encuadernación Olim P-555 bis
Holdings
Estatus retirado Estado de pérdida Estado de daño No para préstamo Biblioteca de origen Biblioteca actual Ubicación en estantería Fecha de adquisición Fuente de adquisición Total de préstamos Signatura topográfica completa Código de barras Visto por última vez Precio de reemplazo Tipo de ítem Koha
        Biblioteca del Ateneo de Madrid Biblioteca del Ateneo de Madrid Depósito 2 07/10/2010     E-13331 1183903 23/02/2023 23/02/2023 Libro impreso